Quizzes
Events
Quiz Creation
Community
Videos
Private Events
Remove Ads
Sign In
Join for FREE
Feedback
Dark Mode
Quiz Categories
Sports
Geography
Music
Movies
Television
Just For Fun
Miscellaneous
History
Literature
Language
Science
Gaming
Entertainment
Religion
Holiday
For Kids
Quiz Lab
Recent
Popular Today
Quiz Kudos Today
Editor Picks
Curator Picks
Quizzes by...
Day
Popularity
Type
Ratings
Length
Year
Community
Subscriptions
Recent Discussions
Orange Saloon
Badges
Playlists
Quests
Create
Leaderboards
Showdown
Live 5
Trivia Bingo
Activity
Puzzle Library
Sporcle Events
Private Events
Virtual Trivia
Globe League
Become a Host
Pub Owners
SporcleCon
Opinionation
Our Games
Videos
Blog
Mobile Apps
Partnerships
Remove Ads and Go Orange
Feedback
Sports
Athletes
MLB
NBA
NHL
NFL
Soccer
Sports Teams
WWE
NCAA
Football
Premier League
Basketball
Baseball
Hockey
Golf
Tennis
Cricket
Rugby
Auto Racing
Olympics
World Cup
Sports
Athletes
MLB
NBA
NHL
NFL
Soccer
Sports Teams
WWE
NCAA
Football
Premier League
Basketball
Baseball
Hockey
Golf
Tennis
Cricket
Rugby
Auto Racing
Olympics
World Cup
Random Quiz
Search Sporcle
×
Quiz Lab
Quiz Lab
Sports
WWE
Type in answers that appear in a list
Type in answers that appear in a list
Classic
Best Score? Go Orange.
Individual NWA/TNA Tag Team Champions Stats
Can you name the wrestlers that have held a tag team championship in TNA?
By
nscox
10m
56 Questions
462 Plays
462 Plays
462 Plays
Comments
Comments
Give Quiz Kudos
Give Quiz Kudos
-
- Ratings
hide this ad
More Info
Replay
Link that replays current quiz
Next Quiz
Link to next quiz in quiz playlist
You Got
0%
They Got
Avg Score
66%
Avg Friend Score
Upgrade to see
Score Distribution
Jump to the score distribution portion of the page
Score
0/56
Timer
10:00
0
Plays Today
First reign
Wrestler
% Correct
2002
A.J. Styles
97.4%
2002
James Storm
96.5%
2004
Bobby Roode
96.5%
2007
Brother Devon
94.4%
2007
Brother Ray
94.2%
2003
Christopher Daniels
93.7%
2007
Kurt Angle
92.6%
2002
Chris Harris
92.2%
2004
Eric Young/Super Eric
91.8%
2007
Samoa Joe
91.8%
2006
Hernandez
88.7%
2004
Abyss
88.5%
2006
Homicide
86.8%
2010
Chris Sabin
86.1%
2003
Ron Killings
86.1%
2009
Scott Steiner
84.4%
2010
Alex Shelley
84.2%
2007
Sting
84.2%
2009
Doug Williams
83.1%
2008
Kazarian
83.1%
2010
Kevin Nash
80.7%
2009
Brutus Magnus
79.9%
2003
B.G. James
79.2%
2009
Booker T
78.1%
2003
Elix Skipper
76.6%
2003
Konnan
74.7%
2010
Matt Morgan
73.4%
2008
Jay Lethal
69.9%
First reign
Wrestler
% Correct
2003
Low Ki
69.3%
2004
Andy Douglas
67.5%
2004
Chase Stevens
66.2%
2002
Jerry Lynn
65.2%
2013
Austin Aries
64.5%
2007
Consequences Creed
63.4%
2003
The Amazing Red
62.3%
2014`
Eddie Edwards
62.1%
2007
Pacman Jones
61.3%
2014
Davey Richards
61%
2007
Tomko
58%
2011
Crimson
56.5%
2012
Chavo Guerrero
55.7%
2013
Robbie E
55.3%
2004
Kid Kash
52.8%
2004
D'Lo Brown
51.5%
2004
Dallas
50.4%
2013
Gunner
48.9%
2011
Anarquia
44.2%
2002
Slash
42.4%
2013
Jessie Godderz
42.4%
2002
Brian Lee
41.8%
2004
Joe Legend
34.6%
2003
Simon Diamond
34.6%
2004
Kevin Northcut
32.3%
2004
El Gran Apolo
31.6%
2003
Johnny Swinger
30.5%
2010
Scott Hall
30.1%
Quiz Playlist
Details
Report
Send in Message
Add To Playlist
More Info:
Includes both the NWA and TNA World Tag Team Championships. Last updated Oct. 20, 2013
Classic:
Type in answers that appear in a list
Last Updated: Feb 16, 2017
Quiz Scoreboard
CHALLENGE
Sign Up to Join the Scoreboard
Show All
Scores
Hide
Comments
May contain spoilers
Recently Published
Presidents Visiting Landmarks
by Hejman
History
7m
An Introduction to Baseball
by treessimontrees
Sports
5m
Movies - When Are They Set?
by FPL_Elf
Movies
5m
More to Explore
Quiz From the Vault
Featured Blog Post
Where Did the Easter Bunny Come From?
hide this ad
You Might Also Like...
Tags
WWE Quiz
NWA
Tag Team
tna
Wrestlers
Wrestling
WWF
Today's Top Quizzes in Sports
Browse Sports
hide this ad
Today's Top Quizzes in WWE
Browse WWE
Top Contributed Quizzes in Sports
1
Les meilleurs buteurs des matchs entre le PSG et l’OM
2
2022 World Cup Stars
3
FIFA Club World Cup Champions
4
Les entraîneurs de l'OM et du PSG au 21e siècle
5
Name the Premier League winners with different clubs
6
La finale Lions - Afrique du Sud 2021
7
5-to-1: UK Sports Teams
8
England Test cricketers to play under Nasser Hussain
9
Players with Multiple 50 Home Run Seasons
10
AFC Teams Reveal (Wrong Answers Minefield)
Explore More
Trending Topics
Anime
Crossword
Harry Potter
Kpop
NBA
Marvel
Disney
Puzzle
Soccer
WWE
The Office
Country
Pokémon
Song
NFL
hide this ad
More By:
nscox
Quiz
Plays
Rating
Category
Featured
Created
2012 Summer Olympics Minefield
527,199
4.14
Sports
Jul 11, 2012
NHL Teams (Redux)
280,054
4.17
Sports
Mar 31, 2012
WWE 'Money in the Bank' Match Participants
246,706
4.23
Sports
Jun 27, 2011
Every WrestleMania Match 1-31!
239,986
4.57
Sports
Mar 4, 2012
Famous Wrestlers by Picture
236,433
4.21
Sports
Sep 13, 2012
Go to Creator's Profile
Score Distribution
Quiz Creator Spotlight
nscox
Follow
Send a Message
Quizzes Created
-
Created Quiz Play Count
-
More By This Creator
Popular Quizzes Today
1
Find the US States - No Outlines Minefield
2
Find the Countries of Europe - No Outlines Minefield
3
The Countries of the World
4
Find the US States
5
Popular People in 1961
6
US States
7
Risky Map Clicking: Biggest States A-Z
8
Movies - When Are They Set?
More Sports Quizzes
Olympics Crossword Puzzle
Quiz Lab
Trending Quizzes
Risky Map Clicking: Least Populous States A-Z
1-10 Letter G Words
1-10 Letter F Words
Risky Map Clicking: Next State Alphabetically
Risky Map Clicking: Biggest States A-Z
Recently Updated
Leaping Animals
pecheneg
Reality TV Shows (A-Z)
bhenderson79
Rickey Henderson's Hall of Fame Teammates
pecheneg
Champions League XIs: Arsenal
pecheneg
Quick Pick: Celebrities in WWE's Hall of Fame
aduchscher
A-Z Keypad Blitz II
pecheneg
Multiple Oscar Actors
pecheneg
Mystery Phrase Blitz: Oscar 'Best Actors'
pecheneg
F. Scott Fitzgerald Novels
LTH
Pick 3 Villains
ddd62291
Trending Topics
NBA
Anime
Crossword
Kpop
Harry Potter
Marvel
Disney
Song
WWE
NFL
Country
Pokémon
The Office
Puzzle
Soccer
Your Account Isn't Verified!
In order to create a playlist on Sporcle, you need to verify the email address you used during registration. Go to your
Sporcle Settings
to finish the process.
Report this User
Report this user for behavior that violates our
Community Guidelines
.
Details:
Send Report
Go to the Sporcle.com Mobile Site →
Comments